| 000 | 00473nam a2200193Ia 4500 | ||
|---|---|---|---|
| 008 | 180207s9999 xx 000 0 und d | ||
| 020 | _a9780439979009 | ||
| 050 | _bK219 2001 | ||
| 100 | _aKavanagh, Peter | ||
| 245 | _aWhat next, Ted? : | ||
| 245 | _byou choose what happens next! / | ||
| 245 | _cby Peter Kavanagh. | ||
| 260 | _aNew York : | ||
| 260 | _bScholastic, | ||
| 260 | _c2001 | ||
| 300 | _aunpaged : | ||
| 300 | _bchiefly colored ; | ||
| 300 | _c29cm. | ||
| 999 |
_c355672 _d355672 |
||